| 000 | 00984 a2200241 4500 | ||
|---|---|---|---|
| 003 | Nust | ||
| 005 | 20220816132949.0 | ||
| 010 | _a 96024105 | ||
| 020 | _a0890068666 (alk. paper) | ||
| 040 | _cNust | ||
| 082 | 0 | 0 | _a621.382,LEE |
| 100 | 1 |
_aLee, Byeong Gi. _997468 |
|
| 245 | 1 | 0 |
_aBroadband telecommunications technology / _cByeong Gi Lee, Minho Kang, Jonghee Lee. |
| 250 | _a2nd ed. | ||
| 260 |
_aBoston : _bArtech House, _cc1996. |
||
| 300 |
_axviii, 658 p. : _bill. ; _c24 cm. |
||
| 440 | 4 |
_aThe Artech House telecommunications library _994200 |
|
| 505 | _aIntroduction to Broadband Telecommunications (Page-1), Broadband Subscriber Network (Page-35), Synchronous Digital Transmission (Page-97), BISDN and ATM Technology (Page-225), High Speed Data Networks and Services (Page-367), Broadband Video Services and Technology (Page-515), | ||
| 650 | 0 | _aTelecommunication Engineering. | |
| 700 | 1 |
_aKang, Minho. _997469 |
|
| 700 | 1 |
_aLee, Jonghee. _997470 |
|
| 942 |
_cREF _2ddc |
||
| 999 |
_c175833 _d175833 |
||